Billy the bus from Johor Bahru

Bibliographic Details
Main Author: Miller, David E
Corporate Author: Series
Format: Book
Published: Selangor : Bright Publications , 2004
Series:Adventures in Malaysia
Subjects:

MARC

LEADER 00000cam a2200000 7i4500
001 0000002041
005 20151222.0
008 070710
020 |a 9832400473 
090 0 0 |a JF   |b ENG 
100 1 |a Miller, David E 
245 1 0 |a Billy the bus from Johor Bahru   |c David E Miller 
260 |a Selangor :   |b Bright Publications ,   |c 2004 
440 0 |a Adventures in Malaysia 
500 |a Children ages 10-12 years old (pink) 
650 0 |a Children's stories, English 
650 0 |a English fiction 
710 0 |a Series 
999 |a 0000964961   |b Book   |c Children Collection   |e Cawangan Bandar Penawar 
999 |a 0000964962   |b Book   |c Children Collection   |e Cawangan Kota Tinggi 
999 |a 0000964963   |b Book   |c Children Collection   |e Cawangan Mersing 
999 |a 0000964964   |b Book   |c Children Collection   |e Cawangan Sri Merlong 
999 |a 0000964965   |b Book   |c Children Collection   |e Cawangan Mersing